Central Library OPAC University of Rajshahi

Thought, words and creativity : (Record no. 63025)

MARC details
000 -LEADER
fixed length control field 00711nam a2200217 a 4500
001 - CONTROL NUMBER
control field 63025
003 - CONTROL NUMBER IDENTIFIER
rucl marc code BD-RjUL
005 - DATE AND TIME OF LATEST TRANSACTION
control field 20211209081143.0
008 - FIXED-LENGTH DATA ELEMENTS--GENERAL INFORMATION
fixed length control field 170128s1976 enk 000 0 eng
020 ## - INTERNATIONAL STANDARD BOOK NUMBER
International Standard Book Number 0701121823 :
Terms of availability £4.00
035 ## - SYSTEM CONTROL NUMBER
System control number (BD-RjUL)63153
040 ## - CATALOGING SOURCE
Original cataloging agency DLC
Transcribing agency DLC
Modifying agency BD-RjUL
Language of cataloging eng
041 ## - LANGUAGE CODE
Language code of text/sound track or separate title eng
082 00 - DEWEY DECIMAL CLASSIFICATION NUMBER
Classification number 823.912
Edition number 23
Author mark and year LET 1976
100 1# - MAIN ENTRY--PERSONAL NAME
Personal name Leavis, F. R.
Fuller form of name (Frank Raymond),
Dates associated with a name 1895-1978.
9 (RLIN) 187156
245 10 - TITLE STATEMENT
Title Thought, words and creativity :
Remainder of title art and thought in Lawrence /
Statement of responsibility, etc. by F. R. Leavis.
260 ## - PUBLICATION, DISTRIBUTION, ETC. (IMPRINT)
Place of publication, distribution, etc. London :
Name of publisher, distributor, etc. Chatto & Windus,
Date of publication, distribution, etc. 1976
300 ## - PHYSICAL DESCRIPTION
Pagination 155 p. ;
Size 23 cm.
600 10 - SUBJECT ADDED ENTRY--PERSONAL NAME
Personal name Lawrence, D. H.
Fuller form of name (David Herbert),
Dates associated with a name 1885-1930
General subdivision Criticism and interpretation.
942 ## - ADDED ENTRY ELEMENTS (KOHA)
Source of classification or shelving scheme Dewey Decimal Classification
Koha item type Books
Holdings
Lost status Source of classification or shelving scheme Damaged status Not for loan Collection code Permanent Location Current Location Shelving location Date acquired Source of acquisition Cost, normal purchase price Total Checkouts Full call number Date last seen Copy number Koha item type
  Dewey Decimal Classification   Not For Loan Non-fiction Central Library, University of Rajshahi Central Library, University of Rajshahi Reading Room 29/03/1980 Heffor 4.00   823.912 LET 1976 28/01/2017 C-1 Books